1307 1828 1532 1314 1300 1745 1838 1681 1241 1162 1160 1231 1977 1055 1612 1420 1025 1868 1752 1057 1552 1236 1955 1353 1658 1903 1354 1003 1394 1139 1702 1925 1807 1285 1975 1611 1143 1916 1763 1295 1784 1240 1331 1470 1302 1731 1168 1733 1448 1534 1359 1949 1992 1601 1132 1176 1093 1055 1659 1149 1134 1967 1535 1277 1716 1405 1957 1579 1217 1703 1076 1266 1294 1595 1847 1916 1625 1283 1581 1143 1372 1372 1902 1277 1130 1469 1860 1376 1057 1107 1716 1885 1905 1502 1728 1783 1193 1430 1106 BCNSPRNW ULIB Ver.6.0+V

เปลี่ยนเป็นภาษาไทย

Change to English
 แสดงรายละเอียดบรรณานุกรม
  กลับหน้าหลัก

Brief Record : Get Marc (ISO 2709) : E-mail record : QR code < ปิดหน้าต่าง
LEADER : 00000nam 2200000uu 4500
001    13399113907
003     ULIB
008    120112s2550||||th 000 0 tha d
020    ^a9789744348623
090    ^aนว.^bก123ผ 2550
100 0  ^aเกมม่า ทาวน์ลี่
245 00 ^aแผนรักลับ ๆ ฉบับ M B A/^cเกมม่า ทาวน์ลี่
250    ^aพิมพ์ครั้งที่ 1
260    ^aกรุงเทพฯ :^bฟิสิกส์เซ็นเตอร์,^c2550
300    ^a346 หน้า
710 1  ^aฟิสิกส์เซ็นเตอร์
945    ^p230^l0^i14452
995    ^aกัณชพร
999    ^aใช้งานได้ทุกระบบ
รายการนี้ยังไม่มีแท็ก
คุณยังไม่ได้ล็อกอิน คุณสามารถมีกิจกรรมร่วมกับเว็บไซต์ได้ แต่ต้องล็อกอินก่อน ::
  ล็อกอิน

รายการสื่อสารสนเทศ

ลำดับที่ ประเภท เลขเรียก/บาร์โค้ด สถานที่ สถานะ
1. นวนิยาย
นวนิยาย
นว. ก123ผ 2550  
  Barcode: 14452
ห้องสมุดวิทยาเขตสวรรค์ประชารักษ์
►นวนิยาย
บนชั้น
  ขอยืม

BibComment


ยังไม่เคยถูกคอมเมนท์

คอมเมนท์ทรัพยากรรายการนี้
  คอมเมนท์: แผนรักลับ ๆ ฉบับ..


 Copyright 2026. Bcnsprnw @Library